000
00188nam a22000857a 4500
082
_a
823
100
_a
TAGORE, RABINDRANATH
245
_a
INTERESTING STORIES BY RABINDRANATH TAGORE
942
_c
BK
999
_c
8224
_d
8224